000 00296 a2200157 4500
001 171660
020 _a
040 _cMagnum
100 _aBaran, Itsche
240 1 0 _aPlim !
_lpor
245 1 0 _aPlim !
362 0 _a1899
440 1 _aLoyola
697 _aIJ/FADAS, FANTASIA
942 _cBK
999 _c171660
_d171660